El Banco Central de Costa Rica

Guardat en:
Dades bibliogràfiques
Autor corporatiu: Banco Central de Costa Rica. Depto. Análisis y Planeamiento Administrativo
Format: Text
Publicat: San José: BCCR
Matèries:
Etiquetes: Afegir etiqueta
Sense etiquetes, Sigues el primer a etiquetar aquest registre!

MARC

LEADER 00000 a a2200000 04500
001 14599
003
040
090 |a 018500  
110 |a Banco Central de Costa Rica. Depto. Análisis y Planeamiento Administrativo  
245 |a El Banco Central de Costa Rica  
260 |a San José:   |b BCCR  
300 |a 47 p  
650 |a BANCOS CENTRALES  
999 |c 7502  |d 7502